Guess Most Viewed K-Pop Songs - Statistics

General Stats
  • This quiz has been taken 219 times
    118 since last reset
  • The average score is 74 of 203
Answer Stats
Answer % Correct
Dynamite
93%
APT.
91%
I
89%
Kill This Love
87%
SOLO
87%
BANG BANG BANG
85%
BOOM
85%
FLOWER
85%
GANGNAM STYLE
85%
Butter
83%
What is Love?
80%
WANNABE
78%
God's Menu
74%
How You Like That
74%
LALISA
74%
ON
74%
Seven
74%
I AM
72%
Psycho
72%
Queencard
72%
BOOMBAYAH
70%
DNA
70%
like JENNIE
70%
Pink Venom
70%
Boy With Luv
67%
DDU-DU DDU-DU
67%
WHISTLE
67%
FANCY
65%
Ice Cream
65%
Love Shot
65%
CHEER UP
63%
PLAYING WITH FIRE
63%
SHEESH
63%
AS IF IT'S YOUR LAST
61%
Shut Down
61%
TOMBOY
61%
TT
61%
BATTER UP
59%
FANTASTIC BABY
59%
SUPER
59%
MANIAC
57%
POP!
57%
POP/STARS
57%
FAKE LOVE
54%
LIKEY
54%
Bad Boy
52%
DALLA DALLA
52%
LOVE DIVE
52%
Lovesick Girls
52%
OMG
52%
After LIKE
50%
Cupid
50%
FIRE
50%
GENTLEMAN
50%
HIP
50%
LOVE SCENARIO
50%
Monster
50%
On The Ground
50%
STAY
50%
Alcohol-Free
48%
Blood Sweat & Tears
48%
FOREVER
48%
LATATA
48%
Next Level
48%
Black Mamba
46%
Drama
46%
I AM THE BEST
46%
IDOL
46%
Nxde
46%
The Feels
46%
DRIP
43%
LALALALA
43%
Crazy
41%
CRAZY
41%
ELEVEN
41%
Magnetic
41%
Maria
41%
MORE
41%
Not Shy
41%
SIGNAL
41%
Feel Special
39%
Gee
39%
Heart Shaker
39%
Like OOH-AHH
39%
No More Dream
39%
ROCKSTAR
39%
ANTIFRAGILE
37%
Back Door
37%
Bboom Bboom
37%
Black Swan
37%
Dance The Night Away
37%
I CAN'T STOP ME
37%
ICY
37%
JUMP
37%
KNOCK KNOCK
37%
Permission to Dance
37%
Run
37%
Supernova
37%
Thunderous
37%
WA DA DA
37%
YES or YES
37%
FEARLESS
35%
Mantra
35%
MIC Drop
35%
MORE & MORE
35%
Savage
35%
CASE 143
33%
Gone
33%
S-Class
33%
Spring Day
33%
Super Shy
33%
Whiplash
33%
Bite Me
30%
DUN DUN
30%
Hype Boy
30%
Just Right
30%
Ko Ko Bop
30%
That That
30%
BLUE
28%
Boy In Luv
28%
DOPE
28%
HOT
28%
Russian Roulette
28%
Set Me Free Pt.2
28%
LOCO
26%
Spicy
26%
Talk that Talk
26%
ZOOM
26%
Chk Chk Boom
24%
EYES, NOSE, LIPS
24%
La Vie en Rose
24%
MAFIA In The Morning
24%
My Universe
24%
NUNU NANA
24%
Red Flavor
24%
3D
22%
BAAM
22%
DADDY
22%
Energetic
22%
GOOD BOY
22%
Growl
22%
Oh my god
22%
Peek-A-Boo
22%
Daechwita
20%
I NEED U
20%
Not Today
20%
Obsession
20%
Save ME
20%
WE GO UP
20%
After School
17%
Agust D
17%
Chicken Noodle Soup
17%
The Boys
17%
War of Hormone
17%
BOSS
15%
Gashina
15%
MIROH
15%
New Face
15%
REALLY REALLY
15%
Christmas EveL
13%
If You Do
13%
Just One Day
13%
KILLING ME
13%
Life Goes On
13%
Shine
13%
Stay Gold
13%
BBIBBI
11%
Celebrity
11%
Danger
11%
Hot Sauce
11%
LOSER
11%
MOMMAE
11%
Ring Ding Dong
11%
Tempo
11%
Yet To Come
11%
Blue Hour
9%
CALL ME BABY
9%
Candy Pop
9%
CROOKED
9%
I GOT A BOY
9%
Lotto
9%
Never Ever
9%
NEW WOMAN
9%
Overdose
9%
Ready For Love
9%
Adios
7%
FXXK IT
7%
HANGOVER
7%
HARU HARU
7%
Like Crazy
7%
Mr. Simple
7%
ONLY
7%
We Are Bulletproof Pt.2
7%
eight
4%
Shoong!
4%
SOBER
4%
Don't Wanna Cry
2%
LET'S NOT FALL IN LOVE
2%
Make It Right
2%
Film out
0%
Lights
0%
MAke A Wish (Birthday Song)
0%
Palette
0%
No matching quizzes found
Score Distribution
Percent of People with Each Score
Percentile by Number Answered
Your Score History
You have not taken this quiz since the last reset